Informes relativos a las industrias peninsulares de confecciones que exportan a Ultramar (Record no. 36447)

MARC details
000 -LEADER
campo de control de longitud fija 00615nam a2200157 i 4500
001 - NÚMERO DE CONTROL
campo de control 36447
003 - IDENTIFICADOR DE NÚMERO DE CONTROL
campo de control ES-MaACL
005 - FECHA Y HORA DE LA ÚLTIMA TRANSACCIÓN
campo de control 20230906155353.0
007 - CAMPO FIJO DE DESCRIPCIÓN FÍSICA--INFORMACIÓN GENERAL
campo de control de longitud fija t|
008 - DATOS DE LONGITUD FIJA--INFORMACIÓN GENERAL
campo de control de longitud fija 150609s1895 sp ||||1| spa d
245 00 - MENCIÓN DEL TÍTULO
Título Informes relativos a las industrias peninsulares de confecciones que exportan a Ultramar
Resto del título : emitidos con motivo de la proyectada reforma arancelaria antillana.
260 ## - PUBLICACIÓN, DISTRIBUCIÓN, ETC.
Lugar de publicación, distribución, etc. Barcelona :
Nombre del editor, distribuidor, etc. [s.n.],
Fecha de publicación, distribución, etc. 1895 (
Fabricante Tip. Española)
300 ## - DESCRIPCIÓN FÍSICA
Extensión 23 p. ;
Dimensiones 21 cm.
594 ## - Nota al título y mención de responsabilidad
Nota al título y mención de responsabilidad Precede al tít.: Información cubana.
852 ## - LOCALIZACIÓN
Ubicación ES-MaACL
Número de control de estantería T-809-F-3
Nota libre .- Enc. en un vol. facticio conservando la cub. original
Holdings
Estatus retirado Estado de pérdida Estado de daño No para préstamo Colección Biblioteca de origen Biblioteca actual Ubicación en estantería Fecha de adquisición Fuente de adquisición Total de préstamos Signatura topográfica completa Código de barras Visto por última vez Precio de reemplazo Tipo de ítem Koha
        Colección de folletos Biblioteca del Ateneo de Madrid Biblioteca del Ateneo de Madrid Depósito folletos 09/06/2015     T-809-F-3 1193856 23/02/2023 23/02/2023 Folleto